000 00403cam a2200157ua 4500
003 OSt
008 250130b |||||||| |||| 00| 0 eng d
020 _a81-204-0050-X
041 _aeng
082 _a621.3011
_bRAO/IN
100 _aRao, K J M.
_97040
245 _aIntroduction to electronics /
260 _aNew Delhi :
_bOxford & IBH Publishing company ,
_c1987.
300 _a446 ; .
942 _cBK
999 _c11131
_d11131